II Jornadas de ciencias naturales. 21 al 26 de setiembre de 1981 : resúmenes, comunicaciones.

Guardado en:
Autor Corporativo: Jornadas de ciencias naturales Montevideo)
Formato: Libro
Idioma:Spanish
Publicado: Montevideo : Instituto de Investigaciones Biológicas Clemente Estable, 1981.
Series:Publicación extra / Museo Nacional de Historia Natural ; nº 31
Etiquetas: Agregar Etiqueta
Sin Etiquetas, Sea el primero en etiquetar este registro!
LEADER 00655nam a22001575a 4500
001 EEA.libagro004428
005 20181120130257.0
008 130809s1981####uy#a##########100#0#spa#d
022 |a 0252-7413 
082 0 4 |a 500.1 
111 2 |a Jornadas de ciencias naturales  |n (2 :  |d 1981 :  |c Montevideo) 
245 1 0 |a II Jornadas de ciencias naturales. 21 al 26 de setiembre de 1981 :  |b resúmenes, comunicaciones. 
260 |a Montevideo :  |b Instituto de Investigaciones Biológicas Clemente Estable,  |c 1981. 
300 |a 65 p. :  |b il. ;  |c 27 cm. 
490 1 |a Publicación extra / Museo Nacional de Historia Natural ;  |v nº 31 
859 |a AR-BbBCA  |b BIB. AGRONOMIA  |h 500.1  |i J82 2  |p 1991/1671